| 000 | 00649nam a22001457a 4500 | ||
|---|---|---|---|
| 999 |
_c216543 _d216543 |
||
| 005 | 20260401114649.0 | ||
| 008 | 260401b ||||| |||| 00| 0 eng d | ||
| 040 |
_aLC _cUNZA _dUNZA _eRDA |
||
| 050 |
_aZAMB BR1359 _bSTR 1975 |
||
| 245 |
_aThe struggle continues : _bofficial report, third assembly, All Africa Conference of Churches, Lusaka, Zambia, 12-24 May 1974 / _c All Africa Conference of Churches. Assembly. (3rd : 1974 : Lusaka, Zambia) |
||
| 260 |
_aNairobi, Kenya: _bAssembly Secretariat, All Africa Conference of Churches, _c1975. |
||
| 300 |
_a132 pages: _billustrations. |
||
| 650 |
_aChristianity _xCongresses _zAfrica |
||
| 942 | _cZAMBIANA | ||